Ex-Callgirl--mein lustvolles Privatleben /
Saved in:
| Main Author: | |
|---|---|
| Format: | Book |
| Language: | German |
| Published: |
Stuttgart :
Gatzanis,
c1998.
|
| Edition: | Deutsche Erstausg. |
| Subjects: | |
| Tags: |
Add Tag
No Tags, Be the first to tag this record!
|
| LEADER | 00744nam a2200253Ia 4500 | ||
|---|---|---|---|
| 001 | 009353373-X | ||
| 005 | 20070712111219.0 | ||
| 008 | 070619s1998 gw a 000 0ager d | ||
| 020 | |a 3932855000 | ||
| 020 | |a 9783932855009 | ||
| 035 | 0 | |a ocn144629001 | |
| 040 | |a TEF |c TEF | ||
| 090 | |a HQ117 |b .G37 1998 | ||
| 100 | 1 | |a Gasser, Mona. | |
| 245 | 1 | 0 | |a Ex-Callgirl--mein lustvolles Privatleben / |c [Mona Gasser]. |
| 246 | 1 | 4 | |a Ex-Callgirl--mein lustvolles Privatleben, oder, Wie finde ich meinen Traumpartner? |
| 250 | |a Deutsche Erstausg. | ||
| 260 | |a Stuttgart : |b Gatzanis, |c c1998. | ||
| 300 | |a 164 p. : |b ill. ; |c 21 cm. | ||
| 600 | 1 | 0 | |a Gaszser, Mona. |
| 650 | 0 | |a Ex-prostitutes |v Biography. | |
| 988 | |a 20040503 | ||
| 049 | |a HLSS | ||
| 906 | |0 OCLC | ||


